Численный анализ влияния коэффициента излучения поверхностей ограждающих твердых стенок на режимы сопряженного теплопереноса в замкнутом объеме с источником энергии; Высокие технологии в современной науке и технике; Т. 2

Λεπτομέρειες βιβλιογραφικής εγγραφής
Parent link:Высокие технологии в современной науке и технике: сборник научных трудов II Всероссийской научно-технической конференции молодых ученых, аспирантов и студентов с международным участием, Томск, 27-29 марта 2013 г/ Национальный исследовательский Томский политехнический университет (ТПУ).— , 2013
Т. 2.— 2013.— [С. 393-397]
Κύριος συγγραφέας: Мартюшев С. Г.
Άλλοι συγγραφείς: Шеремет М. А. Михаил Александрович
Περίληψη:Заглавие с титульного экрана
Γλώσσα:Ρωσικά
Έκδοση: 2013
Σειρά:Моделирование физико-химических процессов в современных технологиях
Θέματα:
Διαθέσιμο Online:http://www.lib.tpu.ru/fulltext/c/2013/C17/V2/125.pdf
Μορφή: Ηλεκτρονική πηγή Κεφάλαιο βιβλίου
KOHA link:https://koha.lib.tpu.ru/cgi-bin/koha/opac-detail.pl?biblionumber=236086

MARC

LEADER 00000naa2a2200000 4500
001 236086
005 20260105162004.0
035 |a (RuTPU)RU\TPU\book\257233 
035 |a RU\TPU\book\257135 
090 |a 236086 
100 |a 20130419d2013 k y0rusy50 ca 
101 0 |a rus 
102 |a RU 
135 |a drcn ---uucaa 
181 0 |a i  
182 0 |a b 
200 1 |a Численный анализ влияния коэффициента излучения поверхностей ограждающих твердых стенок на режимы сопряженного теплопереноса в замкнутом объеме с источником энергии  |f С. Г. Мартюшев, М. А. Шеремет 
203 |a Текст  |c электронный 
225 1 |a Моделирование физико-химических процессов в современных технологиях 
300 |a Заглавие с титульного экрана 
320 |a [Библиогр.: с. 396-397 (6 назв.)] 
337 |a Adobe Reader 
461 1 |0 (RuTPU)RU\TPU\book\256460  |t Высокие технологии в современной науке и технике  |o сборник научных трудов II Всероссийской научно-технической конференции молодых ученых, аспирантов и студентов с международным участием, Томск, 27-29 марта 2013 г  |o в 2 т.  |f Национальный исследовательский Томский политехнический университет (ТПУ)  |d 2013 
463 1 |0 (RuTPU)RU\TPU\book\256473  |t Т. 2  |v [С. 393-397]  |d 2013 
610 1 |a труды учёных ТПУ 
610 1 |a электронный ресурс 
610 1 |a численный анализ 
610 1 |a коэффициент излучения 
610 1 |a сопряженный теплоперенос 
610 1 |a замкнутый объём 
610 1 |a источники энергии 
700 1 |a Мартюшев  |b С. Г. 
701 1 |a Шеремет  |b М. А.  |c физик  |c профессор Томского политехнического университета, доктор физико-математических наук  |f 1983-  |g Михаил Александрович  |3 (RuTPU)RU\TPU\pers\28001  |9 12990 
801 2 |a RU  |b 63413507  |c 20131118  |g RCR 
856 4 |u http://www.lib.tpu.ru/fulltext/c/2013/C17/V2/125.pdf 
942 |c CF